SOMA 2016 : proceedings of the 20th Symposium on Mediterranean Archaeology /
'SOMA 2016' focused on the archaeology of the Northern Black Sea; while rich in archaeological sites, the region is also subject to active industrial development. In addition to archaeological finds in various parts of the Mediterranean, papers focus on new ideas for the conservation and m...
مؤلف مشترك:
مؤلفون آخرون: ,
التنسيق: وقائع المؤتمر كتاب الكتروني
اللغة: English
منشور في:
Oxford :
Archaeopress Publishing Ltd,
2022.
سلاسل:
Access archaeology.
الموضوعات:
الوصول للمادة أونلاين: Login to view Source
الوسوم: إضافة وسم
رقم الطلب: DE59
| LEADER | 02331nam a2200481 i 4500 | ||
|---|---|---|---|
| 001 | EDZ0002728421 | ||
| 003 | StDuBDS | ||
| 005 | 20230412183235.0 | ||
| 006 | m|||||o||d|||||||| | ||
| 007 | cr ||||||||||| | ||
| 008 | 220328s2022 enkab fob 100|0|eng|d | ||
| 020 | |a 9781803272009 (PDF ebook) : |c No price | ||
| 040 | |a StDuBDS |b eng |c StDuBDS |e rda |e pn | ||
| 050 | 4 | |a DE59 | |
| 082 | 0 | 4 | |a 937 |2 23 |
| 111 | 2 | |a Symposium on Mediterranean Archaeology |n (20th : |d 2016 : |c Saint-Petersburg, Russia), |j creator. | |
| 245 | 1 | 0 | |a SOMA 2016 : |b proceedings of the 20th Symposium on Mediterranean Archaeology / |c edited by Hakan Öniz and Sergey Fazlullin. |
| 264 | 1 | |a Oxford : |b Archaeopress Publishing Ltd, |c 2022. | |
| 300 | |a 1 online resource (126 pages) : |b illustrations (black and white, and colour), maps (black and white, and colour). | ||
| 336 | |a text |2 rdacontent | ||
| 336 | |a still image |2 rdacontent | ||
| 336 | |a cartographic image |2 rdacontent | ||
| 337 | |a computer |2 rdamedia | ||
| 338 | |a online resource |2 rdacarrier | ||
| 490 | 1 | |a Access archaeology | |
| 500 | |a Also issued in print: 2022. | ||
| 500 | |a Conference proceedings. | ||
| 504 | |a Includes bibliographical references. | ||
| 506 | 0 | |a Open access. | |
| 520 | 8 | |a 'SOMA 2016' focused on the archaeology of the Northern Black Sea; while rich in archaeological sites, the region is also subject to active industrial development. In addition to archaeological finds in various parts of the Mediterranean, papers focus on new ideas for the conservation and management of sites of historical and cultural heritage. | |
| 521 | |a Specialized. | ||
| 588 | |a Description based on online resource; title from PDF title page (viewed on June 8, 2022). | ||
| 650 | 0 | |a Excavations (Archaeology) |z Mediterranean Region |v Congresses. | |
| 651 | 0 | |a Mediterranean Region |x Antiquities |v Congresses. | |
| 651 | 0 | |a Mediterranean Region |x Civilization |v Congresses. | |
| 700 | 1 | |a Oniz, Hakan, |e editor. | |
| 700 | 1 | |a Fazlullin, Sergei, |e editor. | |
| 776 | 0 | 8 | |i Print version : |z 9781803271996 |
| 830 | 0 | |a Access archaeology. | |
| 856 | 4 | 0 | |3 Archaeopress |u http://library.arce.org:8087/Archaeopress/Products/9781803271996 |
| 942 | |2 lcc |c EBOOK | ||
| 952 | |0 0 |1 0 |4 0 |6 DE0059 |7 1 |9 46910 |a ARCH |b ARCH |d 2023-04-12 |l 0 |o DE59 |r 2023-04-12 00:00:00 |w 2023-04-12 |y EBOOK | ||
| 999 | |c 52568 |d 52568 | ||
